On This Day: November 2nd Quiz Stats

 Plays Quiz Updated Nov 2, 2017

Score 0/7 Timer 03:00
0 Plays Today
Question Answer Wrong Answers
King Saud of this nation is deposed by a family coup, and is replaced by his half-brother Faisal.
1964
Saudi Arabia
84.6%
Kuwait
6%
Iraq
4.2%
Qatar
3.6%
US President Ronald Reagan signs a bill creating this Federal holiday.
1983
Martin Luther King, Jr. Day
82%
Presidents' Day
7.6%
Labor Day
4.8%
Memorial Day
3.5%
This man is crowned emperor of Ethiopia.
1930
Haile Selassie
79.5%
Marcus Garvey
2.8%
Menelik II
5%
Kwame Nkrumah
12.5%
Charles Van Doren, a former contestant on this game show, admits to a Congressional committee that he had been given questions and answers in advance, a key moment in the 1950s quiz show scandals.
1959
Twenty One
55%
Let's Make a Deal
7.4%
Jeopardy!
23.1%
Password
13.1%
The ______ Declaration proclaims British support for the establishment of a ‘national home for the Jewish people’ in Palestine, then an Ottoman region.
1917
Balfour
53%
Independence
7.2%
Homeland
33%
Howell
6.8%
US President Lyndon B. Johnson and ‘The Wise Men’ conclude that the American people should be given more ______ reports on the progress of the Vietnam War.
1967
Optimistic
39%
Truthful
37%
Timely
8.6%
Frequent
13.6%
Known as this, the first Internet-distributed computer worm to gain significant mainstream media attention is launched from MIT.
1988
Morris Worm
28.8%
Storm Worm
22.8%
Mydoom
27.7%
Stuxnet
18.4%

You're not logged in!

Compare scores with friends on all Sporcle quizzes.
OR
Log In

You Might Also Like...

Show Comments

Extras

Top Quizzes Today


Score Distribution

Your Account Isn't Verified!

In order to create a playlist on Sporcle, you need to verify the email address you used during registration. Go to your Sporcle Settings to finish the process.

Report this User

Report this user for behavior that violates our Community Guidelines.

Details: